00672nam a2200145 a 4500008004100000050001900041100002000060245011000080260008000190350000900270650001100279995009500290999001700385952012400402090219s2007 ||||||||||||||||| || u aTHESIS/STUDENT aMakoloni, Webby10aReview of the reinforcement support in the Mufulira deeps and proving or showing whether it is necessary aKitwebCopperbelt University, School of Technology, Mining Departmentc2007 a0.00 aMINING D0.00FCBU-MAIN LIBRARY (Kitwe)H1I0.00M1UAVAILABLEWFeb 19, 2009ZUniversity Collection c56501d56501 00102lcc4070a001b001cUniversity Collectiond2022-11-30l0oTHESIS/STUDENTpZ03003661r2022-11-30w2022-11-30y002